000
00248 a2200097 4500
000
nam a22 7a 4500
100
_a
Poonawala, N.S
_9
57
245
_a
Quality engineering through materials failure analysis
260
_b
So ha li
264
_b
So ha li
999
_c
35867
_d
35867